| 000 | 00372nam a2200121Ia 4500 | ||
|---|---|---|---|
| 008 | 211119s9999||||xx |||||||||||||| ||und|| | ||
| 082 |
_a153.4 _bSUR-P |
||
| 100 | _aSuresh Kumar, R C | ||
| 245 | 0 | _aPothuvijnanam: Thettum Sariyum | |
| 260 |
_bMathrubhumi Books _a2010 _cKottayam |
||
| 650 |
_vMental processes & intelligence _aEconomics _xPGR-GANDHIAN STUDIES |
||
| 942 | _cBOOK | ||
| 999 |
_c112159 _d112159 |
||